Identifikácia VF rezonátorov vo filtroch a oscilátoroch pomocou s-parametrov = RF Resonators for Filters and VCXOs - Model Parameters Extracted form Measured Data

Enregistré dans:
Détails bibliographiques
Auteur principal: Múdry, Radoslav (Auteur)
Autres auteurs: Kudják, Vladimír, 1948- (Directeur de thèse)
Format: Manuscrit Livre
Langue:slovaque
Publié: Bratislava : STU v Bratislave FEI, 2006
Sujets:
Tags: Ajouter un tag
Pas de tags, Soyez le premier à ajouter un tag!

MARC

LEADER 00000ntm a22000003a 4500
001 stu122390
005 20160719165015.8
008 060629s2006------------------------slo-d
040 |a STU  |b slo 
041 0 |a slo 
100 1 |a Múdry, Radoslav  |4 aut 
245 1 |a Identifikácia VF rezonátorov vo filtroch a oscilátoroch pomocou s-parametrov = RF Resonators for Filters and VCXOs - Model Parameters Extracted form Measured Data 
260 |a Bratislava :  |b STU v Bratislave FEI,  |c 2006 
300 |a 70 s 
650 7 |a elektronika  |2 stusub 
700 1 |a Kudják, Vladimír,  |d 1948-  |4 ths  |u E030  |U FEI Fakulta elektrotechniky a informatiky  |T FEI Ústav elektroniky a fotoniky  |X 2019  |U E030  |Y 549  |7 A000002019